Statistics for Geography of Tanzania Quiz

Click here to take the quiz!

General Stats

  • This quiz has been taken 113 times
  • The average score is 15 of 20

Answer Stats

QuestionAnswer% Correct
What is the largest lake in Africa that borders Tanzania, Kenya and Uganda?Lake Victoria
98%
What city replaced the above in that year?Dodoma
93%
What is the highest mountain in both Tanzania and in Africa?Mount {Kilimanjaro}
93%
What was the capital of Tanzania until 1974?Dar es Salaam
92%
What is the smallest country Tanzania borders?Rwanda
91%
What island used to briefly be an independent country between 1856–1964?Zanzibar
91%
What is the most populous country Tanzania borders?D.R. Congo
90%
What language is considered the lingua franca of Tanzania?Swahili
88%
What lake, the second largest by volume in the world, lies between
Tanzania and the above?
Lake Tanganyika
84%
What phrase in that language means "no worries" (made famous by a Disney movie)?Hakuna Matata
78%
What European colony was Tanzania part of between 1885-1918?{German} East Africa
76%
What country does the Ruvuma River make most of Tanzania's border with?Mozambique
74%
What national park in northern Tanzania is a popular safari destination for tourists?Serengeti
71%
What was historically the main language of that island?Arabic
64%
What term refers to a grassy ecosystem such as the above?Savanna
63%
The life of what tribe in Tanzania and Kenya centers around cattle herding?Maasai
62%
What animal is known for its migration in that national park?Wildebeest
50%
To what city do many hikers fly into to climb the above?Arusha
42%
What is the name of the old part of the main city of the above?{Stone} Town
37%
What word in the language below for "freedom" is the name of the peak of that mountain?Uhuru
18%

Score Distribution

Percentile by Number Answered

Percent of People with Each Score

Your Score History

You have not taken this quiz